Hive YouTuber Quiz - Statistics

General Stats
  • This quiz has been taken 26 times
    23 since last reset
  • The average score is 20 of 50
Answer Stats
Picture Answer % Correct
DannyIsDahBomb
78%
EvidentP
78%
IcyNutella
78%
IgnacioBlade
78%
mj owns u
78%
Pontyboy
78%
Avery Doors
67%
Nibbles
67%
Diecies
56%
ImPizzas
56%
Kiephie
56%
Rubixle
56%
Splodger
56%
TurboPiggy
56%
DefectYT
44%
Fenwos
44%
JitR
44%
Lil Tub Bubble
44%
PiglinMafia
44%
PotatoPie25
44%
SuperGamerDX
44%
UncutBridge
44%
Whyumad
44%
Corruptnnn
33%
DandaPlayz
33%
DanyPlayz
33%
FireUltra
33%
Fowben
33%
Jakester
33%
JburrowPlays
33%
LilMac
33%
McWMike
33%
Oficey
33%
Pada IOS
33%
Pyster11
33%
CmanWizard
22%
Cranexe
22%
Deezee
22%
InsaneOrbitz
22%
Nerd4Bird
22%
Orangelotl
22%
Osian
22%
Plushie0
22%
Plushy33
22%
Sparkskye
22%
Xoop
22%
YellowFish
22%
ItzGregg
11%
Wrongway98
11%
YaBoiAction
11%
No matching quizzes found
Score Distribution
Percent of People with Each Score
Percentile by Number Answered
Your Score History
You have not taken this quiz since the last reset